[Event "DSOL 08 Liga Gr-B 1st"]
[Site "Playchess.com INT"]
[Date "2020.08.04"]
[Round "7.2"]
[White "Nolte, Julius"]
[Black "Romoth, Dirk"]
[Result "1/2-1/2"]
[WhiteElo "792"]
[BlackElo "1282"]
[PlyCount "116"]
[EventDate "2020.06.22"]
[EventType "team-tourn (rapid)"]
[EventCountry "GER"]
[SourceTitle "EXT 2021"]
[Source "ChessBase"]
[SourceDate "2020.10.23"]
[SourceVersion "1"]
[SourceVersionDate "2020.10.23"]
[SourceQuality "1"]
[WhiteTeam "Paderborn Blauer Springer VI"]
[BlackTeam "Gryps SV"]
[WhiteTeamCountry "GER"]
[BlackTeamCountry "GER"]

1. e4 e6 2. Nf3 d5 3. exd5 exd5 4. Qe2+ Be7 5. d3 Be6 6. g3 c5 7. Bd2 Nc6 8. Bg2 h6 9. 0-0 Nf6 10. Nc3 0-0 11. Rab1 a6 12. a3 d4 13. Ne4 Re8 14. Nxf6+ Bxf6 15. Qd1 Qd7 16. Qc1 Bf5 17. Bxh6 gxh6 18. Qxh6 Bg7 19. Qd2 f6 20. Nh4 Bh7 21. Rfe1 Rxe1+ 22. Rxe1 Re8 23. Rxe8+ Qxe8 24. Qf4 Qe5 25. Qxe5 fxe5 26. Bd5+ Kf8 27. Kg2 Bf6 28. Nf3 Ke7 29. Kf1 Kd6 30. Bc4 b5 31. Bb3 Bf5 32. Ke2 Be6 33. Bxe6 Kxe6 34. Kd2 Kf5 35. h3 e4 36. dxe4+ Kxe4 37. Ke2 Ne5 38. Nd2+ Kf5 39. f4 Nc4 40. b3 Nxd2 41. Kxd2 c4 42. b4 Be7 43. Ke2 Bd6 44. Kf3 d3 45. cxd3 cxd3 46. Ke3 a5 47. Kxd3 axb4 48. axb4 Bxb4 49. Kd4 Ba3 50. Kc3 b4+ 51. Kb3 Ke4 52. Kc4 Kf3 53. f5 Kxg3 54. f6 Kxh3 55. f7 b3 56. Kxb3 Bf8 57. Kc4 Kg4 58. Kd5 Kf5 1/2-1/2